header

Irreverent photo tools for digital photographers (Record no. 104738)

MARC details
000 -LEADER
fixed length control field 01179nam a2200301Ia 4500
100 1# - MAIN ENTRY--AUTHOR NAME
Personal name Weinrebe, Steve.
245 10 - TITLE STATEMENT
Title Irreverent photo tools for digital photographers
260 ## - PUBLICATION, DISTRIBUTION, ETC. (IMPRINT)
Place of publication Boston, MA :
Name of publisher Cengage Learning,
Year of publication 2009.
300 ## - PHYSICAL DESCRIPTION
Number of Pages xiv, 285 p. :
Other physical details ill.
500 ## - GENERAL NOTE
General note Includes index.
650 #0 - SUBJECT ADDED ENTRY--TOPICAL TERM
Topical Term Digital cameras
Topical Term Photography
856 40 - ELECTRONIC LOCATION AND ACCESS
Uniform Resource Identifier http://site.ebrary.com/lib/rucke/Doc?id=10359305

No items available.

© 2026 Rongo University
Contact us: librarian | system librarian | Rongo university